Armando Céspedes Marín : El gigante /

Guardado en:
Bibliografiske detaljer
Hovedforfatter: Fontanilla, Nicolás
Format: Ukendt
Sprog:Spanish
Udgivet: San José, Costa Rica : Editorial Céspedes, c1973.
Fag:
Tags: Tilføj Tag
Ingen Tags, Vær først til at tagge denne postø!

MARC

LEADER 000000000a22000000004500
001 002467
041 0 |a spa 
082 0 4 |a 92   |b C422f 
100 1 |a Fontanilla, Nicolás 
245 1 0 |a Armando Céspedes Marín :   |b El gigante /   |c Nicolás Fontanilla. 
260 1 |a San José, Costa Rica :   |b Editorial Céspedes,   |c c1973. 
300 |a 192 páginas 
650 4 |a BIOGRAFIA 
650 4 |a CESPEDES MARIN, AMANDO 
999 |c 8902  |d 8902 
942 |c BK  |h 92 C422f  |2 z